| 000 | 00434cam a2200181ua 4500 | ||
|---|---|---|---|
| 020 | _c1.00 | ||
| 041 |
_amal _h |
||
| 082 |
_a894.812803 _bMAT/RA |
||
| 100 | _aMathew, Pulikodan . | ||
| 245 |
_aRatnambaram / _cPulikodan Mathew. _hTextual Documents |
||
| 250 |
_a1 / _b. |
||
| 260 |
_aKunnamkulam : _bSarala Book Depot , _c1956. |
||
| 300 | _a94 ; . | ||
| 365 | _a1.00 | ||
| 504 | _a | ||
| 942 | _cBK | ||
| 999 |
_c4681 _d4681 |
||